El desconocido Tibet
Uloženo v:
| Hlavní autor: | |
|---|---|
| Médium: | Kniha |
| Jazyk: | španělština |
| Vydáno: |
Barcelona
Aymá
1952
|
| Témata: | |
| Tagy: |
Přidat tag
Žádné tagy, Buďte první, kdo vytvoří štítek k tomuto záznamu!
|
MARC
| LEADER | 00000nam a22000005i 4500 | ||
|---|---|---|---|
| 003 | CL-ChBUA | ||
| 005 | 20160404124207.0 | ||
| 007 | ta | ||
| 008 | 160404s1952 sp ||||| |||| 000 ||spa | ||
| 040 | |a CL-ChBUA |c CL-ChBUA |e rda | ||
| 082 | 0 | 0 | |a 910.4 |
| 100 | 1 | |a Maraini, Fosco |e autor | |
| 245 | 1 | 3 | |a El desconocido Tibet |c autor |
| 260 | |a Barcelona |b Aymá |c 1952 | ||
| 300 | |a 255 páginas |b ilustraciones |c 22 cm | ||
| 504 | |a índice, apéndice | ||
| 651 | 4 | |a TIBET (CHINA) | |
| 942 | |2 ddc |c LIB | ||
| 952 | |0 0 |1 0 |4 0 |6 910_400000000000000_M_299 |7 0 |9 1151185 |a UNACH |b UNACH |c 900 |d 2016-04-04 |i 57.504 |l 2 |o 910.4 / M 299 |p 89029 |r 2019-07-09 00:00:00 |s 2019-07-02 |t 1 |w 2016-04-04 |y LIB | ||
| 999 | |c 2197786 |d 2197786 | ||